01823 2200229 4500001002100000005001500021035002000036245011400056100002600170300003800196700002600234260003000260082000800290084001400298020002200312650003600334520112500370008004101495990001901536990001901555990001901574INLIS00000000001490820251022021148 a0010-10250000481 aDesain pencahayaan arsitektural :bkonsep pencahayaan artifisial pada ruang eksterior /cParmonangan Manurung0 aManurung, Parmonangan axx, 172 hlm.; 23 cm. :bIlustrasi0 aNikodemus WK (editor) aYogyakarta :bAndi,c2009 a729 a729 MAN d a978-979-29-1210-4 aDekorasi dan ornamen arsitektur aPencahayaan merupakan elemen yang memegang peranan penting dalam memberikan informasi visual suatu lingkungan. Tanpa pencahayaan yang baik, kita tidak dapat melihat atau menikmati kondisi visual di sekitar kita, bahkan jika kondisi visual tersebut merupakan sebuah karya arsitektur yang sangat indah. Pencahayaan artifisial tidak hanya mampu menampilkan informasi visual, tetapi juga dapat digunakan untuk meningkatkan kualitas visual sehingga mampu memenuhi kebutuhan visual bagi orang yang melihatnya. Pencahayaan juga dapat memengaruhi sisi psikologis dan fisiologis manusia karena mampu menciptakan respon tertentu melalui kondisi visual yang dihasilkan dan, di sisi lain, mampu menunjang berbagai aktivitas yang terjadi pada sebuah ruang. Namun, pemahaman yang kurang mengenai pencahayaan (sumber-sumber cahaya, kualitas, dan kuantitas cahaya) dan perkembangan teknologi pencahayaan sering kali menjadi kendala dalam menghasilkan kualitas visual yang baik. Untuk itu, buku ini hadir sebagai suatu pemecahan atas berbagai permasalahan tersebut melalui berbagai pemikiran, kajian teori, dan hasil penelitian.251022 d 0 ind  a025.4363/PC/25 a025.4364/PC/25 a025.4365/PC/25